000 00511nam a2200181Ia 4500
008 240925s9999 xx 000 0 und d
020 _a70634149
082 _a004.6 FOR
100 _aForouzan, Behrouz A
245 0 _aData Communications and Networking
250 _a4th
260 _aNew Delhi:
_bTata McGraw Hill
_c,2006.
300 _axxxiv,1134p.
_bNA
_fOriginal
500 _aIncludes Index
600 _aEngineering Technology
650 _aComputer science, information & general works
942 _cBK
999 _c9628
_d9628